Peppers: vegetable and spice capsicums

Gespeichert in:
Bibliographische Detailangaben
Hauptverfasser: Bosland, Paul W (VerfasserIn), Votava, E. J (VerfasserIn)
Format: Buch
Sprache:Englisch
Veröffentlicht: Nueva York CABI 1999
Schriftenreihe:Crop Production Science in Horticulture, 12
Schlagworte:
Tags: Tag hinzufügen
Keine Tags, Fügen Sie den ersten Tag hinzu!

MARC

LEADER 00000nam a2200000 a 4500
001 UCO3889
003 CL-VaPUC
008 000728e19990000US |||||||||||||||||eng|d
082 0 4 |a 635.643  |b BOS  |2 21 
100 0 |a Bosland, Paul W  |e author  |9 447907 
700 0 |a Votava, E. J  |e author  |9 447908 
245 1 0 |a Peppers: vegetable and spice capsicums 
300 |a 204 p 
942 |c BK 
945 |d 20000728 00:00:00  |a vberengu 
260 |a Nueva York  |b CABI  |c 1999 
650 0 |a Ají   |x Cultivo   |9 404773 
650 0 |a Horticultura  |9 259721 
650 0 |a Pimiento  |9 325628 
583 |a last modification  |c 20150113 01:07:37  |k Rodrigo Vera 
490 0 |a Crop Production Science in Horticulture, 12 
999 |c 290008  |d 290006 
952 |0 0  |1 0  |4 0  |6 635_643000000000000_BOS_1999  |7 0  |8 A  |9 339115  |a BIBAGR  |b BIBAGR  |d 2019-11-20  |i 3633772  |o 635.643 BOS 1999  |p 3633772  |r 2025-01-20  |w 2019-11-20  |y BK  |k AGR